=LDR 00000nam 2200000 4500 =001 INLIS000000000013617 =005 20130612105001 =008 ***********************************ind** =035 ##$$0010-061300000013617 =041 ##$$a ind =082 ##$$a 635.642 =090 ##$$a 635.642, Kia k =245 ##$$a Kiat agar tomat tahan lama =260 ##$$a 2001 $b Jakarta =300 ##$$a 16 hlm, Ilus, 21 cm =650 ##$$a Tomat =850 ##$$a NBPNMAT